| 000 | 01554cam a22003374i 4500 | ||
|---|---|---|---|
| 003 | PE-LiUPU | ||
| 005 | 20250731183359.0 | ||
| 008 | 150623s r 000 0 d | ||
| 035 | _a(Sirsi) a22576 | ||
| 040 |
_aPE-LiUPU _bspa _cPE-LiUPU _erda |
||
| 082 | 0 | 4 |
_a783 _bM69 _221 |
| 100 | 1 |
_aMoen, Don, _eautor. |
|
| 245 | 1 | 0 |
_aGod will make a way / _cDon Moen. |
| 264 | 1 |
_aMobile, AL : _bIntegrity's Hosanna! Music, _c1990. |
|
| 300 |
_a80 páginas : _bilustraciones partituras ; _c31 cm. |
||
| 336 |
_atext _2rdacontent |
||
| 337 |
_aunmediated _2rdamedia |
||
| 338 |
_avolume _2rdacarrier |
||
| 505 | 0 | _aWant to be where you are. -Worthy, you are worthy. -I am the God that healeth thee. -Blessed be the name of the Lord. -Jesus, You're worthy. -This is my holy place. -Worthy the lamb that was slain. -Here in like sheep. -Don moen-life on the way (a photo collection). -Come and worship. -Grat is your mercy. -Faithful and just. -Praise looks good on you. -You are eternal. -Lord, send me. -God can do it again. | |
| 526 | _aP158 | ||
| 526 | _aP146 | ||
| 526 | _aP17 | ||
| 526 | _aP12 | ||
| 526 | _aP06 | ||
| 650 | 0 | 4 |
_aMúsica sacra _vPartituras. |
| 942 |
_2ddc _cBOOK |
||
| 949 |
_a783 M69 _wDEWEY _c1 _i46400 _lCCODEBUL1 _mBUL _p00.00 _r0 _sY _tBOOK _u2015-06-24 _xTEOLOGIA _PP35 _0COMPRA _o.STAFF. Colección General |
||
| 596 | _a1 | ||
| 999 |
_a783 M69 _wDEWEY _c23162 _i46400 _f2021-11-8 _g5 _lCCODEBUL1 _mBUL _r0 _sY _tBOOK _u2015-6-24 _xEDUCACION _PP35 _0COMPRA _o.STAFF. Colección General _d23162 |
||
| 980 |
_81 _gALBERTO SANCHEZ Responsable de Automatización |
||